Statistics for Original EU Countries Quiz

Click here to take the quiz!

General Stats

  • This quiz has been taken 85 times
  • The average score is 6 of 6

Answer Stats

Country % Correct
France
99%
Germany
99%
Belgium
97%
Italy
96%
Netherlands
92%
Luxembourg
85%

Score Distribution

Percentile by Number Answered

Percent of People with Each Score

Your Score History

You have not taken this quiz